[Event "WYCC Open U18"]
[Site "Porto Carras"]
[Date "2015.10.27"]
[Round "3.2"]
[White "Kessler, Luca"]
[Black "Alekseenko, Kirill"]
[Result "0-1"]
[BlackElo "2539"]
[WhiteElo "2380"]
[LiveChessVersion "1.4.6"]

1. Nf3 {[%clk 1:30:53]} Nf6 {[%clk 1:29:17]} 2. c4 {[%clk 1:30:58]} e6
{[%clk 1:28:25]} 3. g3 {[%clk 1:28:36]} d5 {[%clk 1:27:21]} 4. Bg2
{[%clk 1:28:46]} dxc4 {[%clk 1:27:10]} 5. Qa4+ {[%clk 1:28:22]} Nbd7
{[%clk 1:27:02]} 6. Qxc4 {[%clk 1:27:40]} c5 {[%clk 1:27:27]} 7. Qc2
{[%clk 1:25:03]} b6 {[%clk 1:18:26]} 8. O-O {[%clk 1:15:56]} Bb7 {[%clk 1:17:41]}
9. Nc3 {[%clk 1:15:50]} a6 {[%clk 1:15:59]} 10. d4 {[%clk 1:06:10]} b5
{[%clk 1:11:12]} 11. Be3 {[%clk 1:02:51]} Rc8 {[%clk 1:07:50]} 12. dxc5
{[%clk 1:00:50]} Bxc5 {[%clk 1:08:02]} 13. Qd3 {[%clk 0:53:30]} Qb6
{[%clk 0:58:36]} 14. Bxc5 {[%clk 0:51:06]} Nxc5 {[%clk 0:58:42]} 15. Qe3
{[%clk 0:51:20]} b4 {[%clk 0:50:05]} 16. Nb1 {[%clk 0:51:05]} O-O
{[%clk 0:47:18]} 17. Nbd2 {[%clk 0:49:05]} Nd5 {[%clk 0:44:08]} 18. Qd4
{[%clk 0:44:06]} Na4 {[%clk 0:41:41]} 19. a3 {[%clk 0:42:50]} Rc2
{[%clk 0:40:09]} 20. Qxb6 {[%clk 0:34:08]} Ndxb6 {[%clk 0:38:41]} 21. axb4
{[%clk 0:27:15]} Rxb2 {[%clk 0:32:15]} 22. Rfb1 {[%clk 0:27:29]} Rxb1+
{[%clk 0:29:34]} 23. Rxb1 {[%clk 0:27:31]} Nc3 {[%clk 0:29:35]} 24. Re1
{[%clk 0:25:14]} Rb8 {[%clk 0:28:32]} 25. e4 {[%clk 0:22:04]} Na2
{[%clk 0:20:43]} 26. Rb1 {[%clk 0:21:05]} Na4 {[%clk 0:17:47]} 27. Ne5
{[%clk 0:18:48]} Rd8 {[%clk 0:14:01]} 28. Ndc4 {[%clk 0:15:36]} N4c3
{[%clk 0:13:54]} 29. Ra1 {[%clk 0:13:01]} Nxb4 {[%clk 0:13:45]} 30. f3
{[%clk 0:09:45]} Nc2 {[%clk 0:13:05]} 31. Rf1 {[%clk 0:08:47]} f6
{[%clk 0:13:32]} 32. Ng4 {[%clk 0:08:52]} h5 {[%clk 0:13:55]} 33. Nf2
{[%clk 0:08:29]} Bc6 {[%clk 0:14:20]} 34. Kh1 {[%clk 0:08:02]} Ne2
{[%clk 0:11:42]} 35. Rd1 {[%clk 0:07:38]} Rd4 {[%clk 0:11:11]} 36. Bf1
{[%clk 0:07:06]} Rxd1 {[%clk 0:11:37]} 37. Nxd1 {[%clk 0:07:28]} Ned4
{[%clk 0:11:58]} 38. Kg2 {[%clk 0:07:16]} Ne1+ {[%clk 0:11:32]} 0-1

[Event "WYCC Open U18"]
[Site "Porto Carras"]
[Date "2015.10.27"]
[Round "3.3"]
[White "Bellahcene, Bilel"]
[Black "Kaczur, Florian"]
[Result "1/2-1/2"]
[BlackElo "2376"]
[WhiteElo "2455"]
[LiveChessVersion "1.4.6"]

1. d4 {[%clk 1:30:55]} Nf6 {[%clk 1:30:52]} 2. c4 {[%clk 1:31:21]} e6
{[%clk 1:31:13]} 3. Nf3 {[%clk 1:31:45]} d5 {[%clk 1:31:11]} 4. Nc3
{[%clk 1:32:11]} Bb4 {[%clk 1:31:22]} 5. Bg5 {[%clk 1:32:35]} h6 {[%clk 1:31:32]}
6. Bxf6 {[%clk 1:33:02]} Qxf6 {[%clk 1:31:56]} 7. Qa4+ {[%clk 1:33:28]} Nc6
{[%clk 1:32:20]} 8. e3 {[%clk 1:33:55]} O-O {[%clk 1:31:02]} 9. Be2
{[%clk 1:33:56]} dxc4 {[%clk 1:29:51]} 10. O-O {[%clk 1:31:39]} a6
{[%clk 1:20:23]} 11. Bxc4 {[%clk 1:28:39]} Qg6 {[%clk 1:17:50]} 12. Rfd1
{[%clk 1:22:06]} Bd7 {[%clk 1:15:31]} 13. Bd3 {[%clk 1:21:48]} f5
{[%clk 1:14:40]} 14. Qc2 {[%clk 1:09:00]} Bd6 {[%clk 1:14:16]} 15. a3
{[%clk 1:07:46]} Rad8 {[%clk 1:10:52]} 16. e4 {[%clk 0:45:59]} fxe4
{[%clk 1:09:04]} 17. Bxe4 {[%clk 0:45:14]} Qf6 {[%clk 1:04:12]} 18. Qe2
{[%clk 0:41:42]} Rde8 {[%clk 1:00:45]} 19. Bc2 {[%clk 0:40:11]} Qf4
{[%clk 0:57:07]} 20. Qd3 {[%clk 0:33:28]} Qf5 {[%clk 0:56:03]} 21. Ne4
{[%clk 0:33:40]} Ne7 {[%clk 0:54:07]} 22. Qb3 {[%clk 0:19:11]} Qb5
{[%clk 0:50:07]} 23. Ne5 {[%clk 0:16:23]} Bxe5 {[%clk 0:45:04]} 24. dxe5
{[%clk 0:16:47]} Qxb3 {[%clk 0:44:24]} 25. Bxb3 {[%clk 0:17:11]} Bc8
{[%clk 0:43:07]} 26. Rac1 {[%clk 0:14:59]} Nd5 {[%clk 0:41:53]} 27. Bxd5
{[%clk 0:12:20]} exd5 {[%clk 0:42:17]} 28. Rxd5 {[%clk 0:12:43]} c6
{[%clk 0:42:33]} 29. Rdc5 {[%clk 0:11:46]} Be6 {[%clk 0:42:32]} 30. Nd6
{[%clk 0:09:41]} Re7 {[%clk 0:42:46]} 31. R5c3 {[%clk 0:10:06]} Bd5
{[%clk 0:42:14]} 32. Re3 {[%clk 0:10:33]} b5 {[%clk 0:38:26]} 33. h3
{[%clk 0:10:02]} g5 {[%clk 0:36:01]} 34. g4 {[%clk 0:09:10]} Rf4 {[%clk 0:33:01]}
35. Rce1 {[%clk 0:07:34]} Re6 {[%clk 0:28:52]} 36. Nb7 {[%clk 0:07:34]} Re7
{[%clk 0:26:53]} 37. Nd6 {[%clk 0:07:08]} Re6 {[%clk 0:27:13]} 38. b4
{[%clk 0:06:07]} a5 {[%clk 0:24:05]} 39. bxa5 {[%clk 0:06:34]} Ra4
{[%clk 0:24:31]} 40. Nf5 {[%clk 0:33:12]} Kf7 {[%clk 0:47:17]} 41. Kh2
{[%clk 0:31:53]} Kg6 {[%clk 0:45:13]} 42. f3 {[%clk 0:29:09]} h5 {[%clk 0:44:25]}
43. Kg3 {[%clk 0:28:34]} h4+ {[%clk 0:44:49]} 44. Kf2 {[%clk 0:28:58]} Rxa5
{[%clk 0:44:12]} 45. Nd4 {[%clk 0:29:00]} Re7 {[%clk 0:44:11]} 46. e6
{[%clk 0:25:54]} Kf6 {[%clk 0:43:41]} 47. Re5 {[%clk 0:24:11]} Ra4
{[%clk 0:41:54]} 48. Rf5+ {[%clk 0:12:47]} Kg6 {[%clk 0:41:51]} 49. Nxb5
{[%clk 0:12:33]} Rxe6 {[%clk 0:33:25]} 50. Rxd5 {[%clk 0:06:43]} Rxe1
{[%clk 0:33:48]} 51. Rd6+ {[%clk 0:07:11]} Kf7 {[%clk 0:33:48]} 52. Kxe1
{[%clk 0:06:21]} cxb5 {[%clk 0:34:15]} 53. Rd3 {[%clk 0:05:58]} b4
{[%clk 0:34:31]} 54. axb4 {[%clk 0:06:20]} Rxb4 {[%clk 0:35:00]} 55. Re3
{[%clk 0:06:33]} Rb1+ {[%clk 0:34:13]} 56. Kf2 {[%clk 0:07:00]} Rb2+
{[%clk 0:34:27]} 57. Re2 {[%clk 0:07:16]} Rb3 {[%clk 0:34:52]} 58. Ra2
{[%clk 0:05:45]} Kf6 {[%clk 0:34:53]} 59. Ra6+ {[%clk 0:05:37]} Kf7
{[%clk 0:35:08]} 60. Ra7+ {[%clk 0:05:08]} Kf6 {[%clk 0:35:27]} 61. Ra2
{[%clk 0:05:31]} Rc3 {[%clk 0:35:23]} 62. Ke2 {[%clk 0:05:45]} Rb3
{[%clk 0:35:43]} 63. Ra6+ {[%clk 0:06:01]} Ke5 {[%clk 0:34:21]} 64. Ra4
{[%clk 0:06:08]} Rb2+ {[%clk 0:34:45]} 65. Ke3 {[%clk 0:06:33]} Rb3+
{[%clk 0:33:53]} 66. Ke2 {[%clk 0:06:58]} Rb2+ {[%clk 0:34:18]} 67. Ke3
{[%clk 0:07:26]} Rb3+ {[%clk 0:34:26]} 68. Ke2 {[%clk 0:07:50]} Rb2+
{[%clk 0:34:51]} 69. Ke3 1/2-1/2

[Event "WYCC Open U18"]
[Site "Porto Carras"]
[Date "2015.10.27"]
[Round "3.4"]
[White "Ali Marandi, Cemil Can"]
[Black "Sibashvili, Giorgi"]
[Result "1/2-1/2"]
[BlackElo "2367"]
[WhiteElo "2439"]
[LiveChessVersion "1.4.6"]

1. Nf3 {[%clk 1:30:56]} d5 {[%clk 1:30:27]} 2. g3 {[%clk 1:31:16]} Bg4
{[%clk 1:30:40]} 3. Bg2 {[%clk 1:31:34]} Nd7 {[%clk 1:29:48]} 4. d4
{[%clk 1:28:56]} e6 {[%clk 1:27:50]} 5. O-O {[%clk 1:28:43]} Bd6 {[%clk 1:26:36]}
6. Nbd2 {[%clk 1:27:26]} f5 {[%clk 1:25:14]} 7. c4 {[%clk 1:26:09]} c6
{[%clk 1:25:38]} 8. b3 {[%clk 1:24:29]} Ngf6 {[%clk 1:20:00]} 9. Bb2
{[%clk 1:24:46]} Ne4 {[%clk 1:17:18]} 10. Ne5 {[%clk 1:23:46]} Nxe5
{[%clk 1:13:45]} 11. dxe5 {[%clk 1:23:54]} Bb4 {[%clk 1:03:22]} 12. Nxe4
{[%clk 1:13:55]} dxe4 {[%clk 1:01:06]} 13. a3 {[%clk 1:06:51]} Qxd1
{[%clk 0:59:20]} 14. Rfxd1 {[%clk 1:06:53]} Be7 {[%clk 0:59:31]} 15. f3
{[%clk 1:06:23]} exf3 {[%clk 0:59:11]} 16. Bxf3 {[%clk 1:04:57]} 1/2-1/2

[Event "WYCC Open U18"]
[Site "Porto Carras"]
[Date "2015.10.27"]
[Round "3.5"]
[White "Mosadeghpour, Masoud"]
[Black "Lai, Hing Ting"]
[Result "1-0"]
[BlackElo "2334"]
[WhiteElo "2420"]
[LiveChessVersion "1.4.6"]

1. e4 {[%clk 1:30:57]} c6 {[%clk 1:30:53]} 2. d4 {[%clk 1:31:07]} d5
{[%clk 1:31:16]} 3. Nd2 {[%clk 1:31:31]} dxe4 {[%clk 1:31:40]} 4. Nxe4
{[%clk 1:31:55]} Bf5 {[%clk 1:32:06]} 5. Ng3 {[%clk 1:31:57]} Bg6
{[%clk 1:32:30]} 6. h4 {[%clk 1:31:19]} h6 {[%clk 1:32:54]} 7. Nf3
{[%clk 1:31:47]} Nd7 {[%clk 1:33:17]} 8. h5 {[%clk 1:32:14]} Bh7 {[%clk 1:33:40]}
9. Bd3 {[%clk 1:32:42]} Bxd3 {[%clk 1:34:02]} 10. Qxd3 {[%clk 1:33:08]} e6
{[%clk 1:34:15]} 11. Bd2 {[%clk 1:33:35]} Ngf6 {[%clk 1:34:40]} 12. O-O-O
{[%clk 1:34:00]} Be7 {[%clk 1:34:59]} 13. Kb1 {[%clk 1:34:27]} O-O
{[%clk 1:35:23]} 14. Ne4 {[%clk 1:34:54]} Nxe4 {[%clk 1:35:47]} 15. Qxe4
{[%clk 1:35:20]} Nf6 {[%clk 1:36:09]} 16. Qe2 {[%clk 1:35:47]} Qd5
{[%clk 1:36:33]} 17. Be3 {[%clk 1:35:33]} b5 {[%clk 1:36:46]} 18. Ne5
{[%clk 1:32:41]} Bd6 {[%clk 1:36:36]} 19. Nd3 {[%clk 1:29:54]} a5
{[%clk 1:27:21]} 20. g4 {[%clk 1:21:21]} a4 {[%clk 1:23:47]} 21. f3
{[%clk 1:06:21]} Qc4 {[%clk 1:19:03]} 22. g5 {[%clk 0:53:48]} hxg5
{[%clk 1:18:57]} 23. h6 {[%clk 0:46:49]} g6 {[%clk 1:17:26]} 24. h7+
{[%clk 0:45:38]} Kh8 {[%clk 1:12:51]} 25. Bxg5 {[%clk 0:44:32]} Nd5
{[%clk 1:11:48]} 26. Qe4 {[%clk 0:38:09]} f5 {[%clk 1:04:40]} 27. Qe1
{[%clk 0:34:36]} Qxd4 {[%clk 0:43:17]} 28. Nf4 {[%clk 0:33:59]} Qg7
{[%clk 0:43:14]} 29. Nxe6 {[%clk 0:34:20]} Qf7 {[%clk 0:43:04]} 30. Rxd5
{[%clk 0:34:39]} 1-0

[Event "WYCC Open U18"]
[Site "Porto Carras"]
[Date "2015.10.27"]
[Round "3.6"]
[White "Stathopoulos, Ioannis"]
[Black "Codenotti, Marco"]
[Result "1-0"]
[BlackElo "2419"]
[WhiteElo "2338"]
[LiveChessVersion "1.4.6"]

1. d4 {[%clk 1:30:57]} d5 {[%clk 1:30:54]} 2. c4 {[%clk 1:31:22]} c6
{[%clk 1:31:22]} 3. Nf3 {[%clk 1:31:45]} Nf6 {[%clk 1:31:46]} 4. Nc3
{[%clk 1:32:11]} dxc4 {[%clk 1:32:11]} 5. a4 {[%clk 1:32:37]} a5 {[%clk 1:32:37]}
6. e4 {[%clk 1:32:31]} Bg4 {[%clk 1:32:38]} 7. Bxc4 {[%clk 1:32:50]} e6
{[%clk 1:33:05]} 8. Qd3 {[%clk 1:33:07]} Bxf3 {[%clk 1:29:53]} 9. gxf3
{[%clk 1:33:25]} Na6 {[%clk 1:30:20]} 10. Be3 {[%clk 1:32:17]} Nb4
{[%clk 1:30:09]} 11. Qe2 {[%clk 1:31:31]} Be7 {[%clk 1:28:10]} 12. O-O
{[%clk 1:30:25]} Qc7 {[%clk 1:26:53]} 13. f4 {[%clk 1:27:13]} O-O
{[%clk 1:14:35]} 14. Rac1 {[%clk 1:23:46]} Rad8 {[%clk 1:07:22]} 15. Qf3
{[%clk 1:02:38]} g6 {[%clk 1:07:08]} 16. Rfd1 {[%clk 0:52:11]} Qd7
{[%clk 0:57:56]} 17. Kh1 {[%clk 0:50:25]} Nh5 {[%clk 0:56:27]} 18. d5
{[%clk 0:43:34]} exd5 {[%clk 0:54:37]} 19. exd5 {[%clk 0:43:59]} Qf5
{[%clk 0:50:06]} 20. dxc6 {[%clk 0:43:10]} bxc6 {[%clk 0:50:22]} 21. Qe4
{[%clk 0:43:00]} Qf6 {[%clk 0:43:41]} 22. f5 {[%clk 0:30:37]} gxf5
{[%clk 0:36:27]} 23. Qf3 {[%clk 0:29:48]} Qh4 {[%clk 0:29:28]} 24. Qxf5
{[%clk 0:24:29]} Qxc4 {[%clk 0:22:29]} 25. Qxh5 {[%clk 0:24:54]} Bf6
{[%clk 0:20:22]} 26. Rxd8 {[%clk 0:15:43]} Rxd8 {[%clk 0:16:02]} 27. Bg5
{[%clk 0:08:25]} Rd6 {[%clk 0:15:46]} 28. Bh6 {[%clk 0:08:09]} Bxc3
{[%clk 0:11:26]} 29. Qg5+ {[%clk 0:08:31]} Kh8 {[%clk 0:11:55]} 30. Bg7+
{[%clk 0:08:39]} Bxg7 {[%clk 0:11:40]} 31. Rxc4 {[%clk 0:09:01]} 1-0

[Event "WYCC Open U18"]
[Site "Porto Carras"]
[Date "2015.10.27"]
[Round "3.7"]
[White "Wu, Christopher"]
[Black "Sosa, Tomas"]
[Result "1/2-1/2"]
[BlackElo "2405"]
[WhiteElo "2324"]
[LiveChessVersion "1.4.6"]

1. c4 {[%clk 1:30:50]} Nf6 {[%clk 1:30:12]} 2. g3 {[%clk 1:30:43]} g6
{[%clk 1:29:05]} 3. Bg2 {[%clk 1:30:50]} Bg7 {[%clk 1:29:29]} 4. Nc3
{[%clk 1:30:03]} O-O {[%clk 1:29:29]} 5. Nf3 {[%clk 1:29:21]} d6 {[%clk 1:27:57]}
6. d4 {[%clk 1:29:30]} Nc6 {[%clk 1:25:44]} 7. O-O {[%clk 1:23:52]} Bg4
{[%clk 1:25:30]} 8. h3 {[%clk 1:23:00]} Bxf3 {[%clk 1:25:55]} 9. Bxf3
{[%clk 1:21:53]} Nd7 {[%clk 1:25:37]} 10. e3 {[%clk 1:06:30]} e5 {[%clk 1:24:53]}
11. d5 {[%clk 1:01:46]} Ne7 {[%clk 1:25:10]} 12. e4 {[%clk 0:59:13]} f5
{[%clk 1:20:27]} 13. exf5 {[%clk 0:57:55]} gxf5 {[%clk 1:16:55]} 14. Bg2
{[%clk 0:57:28]} Ng6 {[%clk 1:06:53]} 15. Qc2 {[%clk 0:50:57]} Rf7
{[%clk 0:56:38]} 16. Bd2 {[%clk 0:46:56]} a6 {[%clk 0:46:58]} 1/2-1/2

[Event "WYCC Open U18"]
[Site "Porto Carras"]
[Date "2015.10.27"]
[Round "3.8"]
[White "Sardana, Rishi"]
[Black "Jarmula, Lukasz"]
[Result "1/2-1/2"]
[BlackElo "2321"]
[WhiteElo "2385"]
[LiveChessVersion "1.4.6"]

1. e4 {[%clk 1:30:57]} c5 {[%clk 1:30:55]} 2. b3 {[%clk 1:30:59]} g6
{[%clk 1:28:49]} 3. Bb2 {[%clk 1:31:20]} Nf6 {[%clk 1:29:14]} 4. Qf3
{[%clk 1:30:13]} d6 {[%clk 1:22:56]} 5. Bb5+ {[%clk 1:28:39]} Bd7
{[%clk 1:19:37]} 6. Bxf6 {[%clk 1:27:22]} exf6 {[%clk 1:19:59]} 7. Bxd7+
{[%clk 1:26:30]} Nxd7 {[%clk 1:20:07]} 8. Nc3 {[%clk 1:24:17]} Bg7
{[%clk 1:19:12]} 9. Nge2 {[%clk 1:23:54]} O-O {[%clk 1:18:13]} 10. O-O
{[%clk 1:16:34]} Ne5 {[%clk 1:10:49]} 11. Qg3 {[%clk 1:09:41]} Nc6
{[%clk 1:10:52]} 12. Rad1 {[%clk 1:01:17]} Rc8 {[%clk 1:07:42]} 13. Nb5
{[%clk 0:55:13]} d5 {[%clk 1:01:38]} 14. Nd6 {[%clk 0:46:59]} Rb8
{[%clk 0:55:13]} 15. exd5 {[%clk 0:46:17]} Nb4 {[%clk 0:48:29]} 16. c4
{[%clk 0:42:52]} f5 {[%clk 0:38:12]} 17. a3 {[%clk 0:30:52]} Nc2 {[%clk 0:36:26]}
18. Nb5 {[%clk 0:30:56]} a6 {[%clk 0:33:24]} 19. Qd3 {[%clk 0:28:46]} axb5
{[%clk 0:29:56]} 20. Qxc2 {[%clk 0:29:09]} bxc4 {[%clk 0:25:21]} 21. bxc4
{[%clk 0:29:24]} Qa5 {[%clk 0:25:25]} 22. Nc3 {[%clk 0:19:35]} Bxc3
{[%clk 0:21:33]} 23. dxc3 {[%clk 0:19:41]} Rfe8 {[%clk 0:20:02]} 24. Qb3
{[%clk 0:09:52]} Ra8 {[%clk 0:11:28]} 25. Rfe1 {[%clk 0:08:42]} Rxe1+
{[%clk 0:11:34]} 26. Rxe1 {[%clk 0:09:05]} Qxa3 {[%clk 0:09:44]} 27. Qxb7
{[%clk 0:08:39]} Kg7 {[%clk 0:09:49]} 28. Qe7 {[%clk 0:00:52]} Qxc3
{[%clk 0:09:20]} 29. h4 {[%clk 0:00:47]} Ra7 {[%clk 0:03:41]} 30. Qe2
{[%clk 0:00:47]} Ra2 {[%clk 0:02:34]} 31. Qxa2 {[%clk 0:00:55]} Qxe1+
{[%clk 0:02:58]} 32. Kh2 {[%clk 0:01:20]} Qe5+ {[%clk 0:02:53]} 33. Kg1
{[%clk 0:00:49]} Qe1+ {[%clk 0:03:17]} 34. Kh2 {[%clk 0:01:15]} Qe5+
{[%clk 0:03:42]} 35. g3 {[%clk 0:00:58]} Qd4 {[%clk 0:03:54]} 36. Qe2
{[%clk 0:00:46]} f4 {[%clk 0:01:48]} 37. Kg2 {[%clk 0:00:54]} fxg3
{[%clk 0:01:33]} 38. fxg3 {[%clk 0:01:22]} h5 {[%clk 0:01:40]} 39. Kh2
{[%clk 0:01:17]} Kh7 {[%clk 0:01:50]} 40. Kh1 {[%clk 0:30:58]} Kg7
{[%clk 0:31:54]} 41. Kg2 {[%clk 0:31:22]} Kf8 {[%clk 0:28:38]} 42. Qf1
{[%clk 0:28:18]} Kg7 {[%clk 0:23:34]} 43. Qf4 {[%clk 0:28:07]} Qb2+
{[%clk 0:23:49]} 44. Qf2 {[%clk 0:27:55]} Qe5 {[%clk 0:17:08]} 45. Qd2
{[%clk 0:22:33]} Kf8 {[%clk 0:16:07]} 46. Qh6+ {[%clk 0:21:34]} Ke8
{[%clk 0:15:36]} 47. Kf3 {[%clk 0:19:20]} Kd7 {[%clk 0:14:56]} 48. Qf4
{[%clk 0:18:36]} Qc3+ {[%clk 0:06:34]} 49. Kg2 {[%clk 0:19:02]} f5
{[%clk 0:03:19]} 50. Qf1 {[%clk 0:18:15]} Qc2+ {[%clk 0:03:05]} 51. Kg1
{[%clk 0:17:54]} 1/2-1/2

[Event "WYCC Open U18"]
[Site "Porto Carras"]
[Date "2015.10.27"]
[Round "3.9"]
[White "Aradhya, Garg"]
[Black "Yuffa, Daniil"]
[Result "0-1"]
[BlackElo "2485"]
[WhiteElo "2180"]
[LiveChessVersion "1.4.6"]

1. d4 {[%clk 1:30:57]} Nf6 {[%clk 1:30:41]} 2. Nf3 {[%clk 1:31:22]} g6
{[%clk 1:30:42]} 3. Bg5 {[%clk 1:31:47]} Bg7 {[%clk 1:31:06]} 4. Nbd2
{[%clk 1:32:10]} O-O {[%clk 1:31:19]} 5. c3 {[%clk 1:32:12]} d6 {[%clk 1:31:28]}
6. e4 {[%clk 1:31:27]} c5 {[%clk 1:27:58]} 7. Bd3 {[%clk 1:25:47]} cxd4
{[%clk 1:24:26]} 8. cxd4 {[%clk 1:25:47]} Nc6 {[%clk 1:24:28]} 9. O-O
{[%clk 1:17:38]} h6 {[%clk 1:23:51]} 10. Be3 {[%clk 1:15:17]} Ng4
{[%clk 1:23:49]} 11. Rc1 {[%clk 1:12:18]} e5 {[%clk 1:19:56]} 12. d5
{[%clk 1:06:41]} Nxe3 {[%clk 1:19:47]} 13. fxe3 {[%clk 1:07:10]} Nb4
{[%clk 1:12:03]} 14. Qb3 {[%clk 0:51:41]} Nxd3 {[%clk 1:05:16]} 15. Qxd3
{[%clk 0:51:48]} f5 {[%clk 1:04:51]} 16. Qa3 {[%clk 0:44:34]} a5 {[%clk 1:00:04]}
17. Rc2 {[%clk 0:34:19]} g5 {[%clk 0:56:39]} 18. Ne1 {[%clk 0:22:15]} f4
{[%clk 0:54:30]} 19. Qd3 {[%clk 0:11:45]} Bd7 {[%clk 0:47:37]} 20. Nc4
{[%clk 0:06:23]} Ra6 {[%clk 0:41:22]} 21. Rcf2 {[%clk 0:05:32]} b5
{[%clk 0:40:25]} 22. Nd2 {[%clk 0:05:43]} Qb6 {[%clk 0:39:57]} 23. Nc2
{[%clk 0:05:27]} Raa8 {[%clk 0:39:19]} 24. g3 {[%clk 0:04:10]} Bh3
{[%clk 0:24:26]} 25. Re1 {[%clk 0:04:25]} Rac8 {[%clk 0:20:50]} 26. Na3
{[%clk 0:02:40]} Bd7 {[%clk 0:18:25]} 27. Kg2 {[%clk 0:02:54]} Qc5
{[%clk 0:15:27]} 28. Nb3 {[%clk 0:01:33]} Qb4 {[%clk 0:14:24]} 29. Ref1
{[%clk 0:01:22]} a4 {[%clk 0:13:53]} 30. Na1 {[%clk 0:01:12]} fxg3
{[%clk 0:11:29]} 31. hxg3 {[%clk 0:01:40]} Rxf2+ {[%clk 0:11:42]} 32. Rxf2
{[%clk 0:01:53]} Rc1 {[%clk 0:11:01]} 33. N1c2 {[%clk 0:01:40]} Qxb2
{[%clk 0:11:11]} 34. Qd2 {[%clk 0:01:45]} b4 {[%clk 0:05:30]} 35. Qxb4
{[%clk 0:01:35]} Qxb4 {[%clk 0:05:43]} 36. Nxb4 {[%clk 0:02:04]} Rc3
{[%clk 0:06:00]} 37. Nac2 {[%clk 0:02:11]} Rc4 {[%clk 0:06:15]} 38. Kf3
{[%clk 0:01:59]} h5 {[%clk 0:05:30]} 39. Nc6 {[%clk 0:01:30]} Bg4+
{[%clk 0:03:52]} 40. Kg2 {[%clk 0:32:00]} Rxe4 {[%clk 0:33:36]} 41. Nd8
{[%clk 0:27:58]} Bd1 {[%clk 0:29:16]} 42. Ne6 {[%clk 0:25:20]} g4
{[%clk 0:28:14]} 43. Nxg7 {[%clk 0:17:31]} Kxg7 {[%clk 0:28:01]} 44. Rd2
{[%clk 0:16:34]} Bxc2 {[%clk 0:27:17]} 45. Rxc2 {[%clk 0:17:04]} Rxe3
{[%clk 0:27:40]} 46. Rc6 {[%clk 0:16:47]} Re2+ {[%clk 0:28:03]} 47. Kf1
{[%clk 0:17:17]} Rxa2 {[%clk 0:28:22]} 48. Rxd6 {[%clk 0:17:35]} a3
{[%clk 0:28:43]} 49. Ra6 {[%clk 0:16:44]} Kf7 {[%clk 0:28:24]} 50. Ke1
{[%clk 0:15:46]} e4 {[%clk 0:27:04]} 51. Ra4 {[%clk 0:15:07]} Ra1+
{[%clk 0:25:45]} 52. Kf2 {[%clk 0:15:28]} a2 {[%clk 0:25:25]} 53. Kg2
{[%clk 0:15:31]} e3 {[%clk 0:25:30]} 54. Rf4+ {[%clk 0:15:43]} Ke7
{[%clk 0:25:40]} 55. Ra4 {[%clk 0:15:55]} Kd6 {[%clk 0:25:43]} 56. Ra3
{[%clk 0:15:49]} Rd1 {[%clk 0:25:19]} 57. Rxa2 {[%clk 0:16:04]} Rd2+
{[%clk 0:25:42]} 0-1

[Event "WYCC Open U18"]
[Site "Porto Carras"]
[Date "2015.10.27"]
[Round "3.10"]
[White "Sanal, Vahap"]
[Black "Di Giannantonio, Nino"]
[Result "1-0"]
[BlackElo "2349"]
[WhiteElo "2501"]
[LiveChessVersion "1.4.6"]

1. e4 {[%clk 1:30:51]} e5 {[%clk 1:30:37]} 2. Nf3 {[%clk 1:31:11]} Nc6
{[%clk 1:31:03]} 3. Bb5 {[%clk 1:31:28]} d6 {[%clk 1:30:38]} 4. d4
{[%clk 1:31:37]} exd4 {[%clk 1:30:59]} 5. Nxd4 {[%clk 1:31:57]} Bd7
{[%clk 1:31:25]} 6. Nc3 {[%clk 1:31:57]} g6 {[%clk 1:31:19]} 7. Bxc6
{[%clk 1:29:28]} bxc6 {[%clk 1:31:38]} 8. Bf4 {[%clk 1:28:40]} Bg7
{[%clk 1:31:15]} 9. Qd2 {[%clk 1:28:36]} Nf6 {[%clk 1:15:56]} 10. Bh6
{[%clk 1:23:28]} Bxh6 {[%clk 1:14:36]} 11. Qxh6 {[%clk 1:23:46]} Ng4
{[%clk 1:15:05]} 12. Qg7 {[%clk 1:22:45]} Qf6 {[%clk 1:15:05]} 13. Qxf6
{[%clk 1:23:07]} Nxf6 {[%clk 1:15:30]} 14. f3 {[%clk 1:22:21]} h5
{[%clk 1:11:07]} 15. h4 {[%clk 1:21:58]} O-O {[%clk 1:02:55]} 16. O-O-O
{[%clk 1:22:12]} Rfe8 {[%clk 1:02:37]} 17. Nde2 {[%clk 1:17:44]} Rab8
{[%clk 0:56:11]} 18. Nf4 {[%clk 1:17:05]} Be6 {[%clk 0:48:39]} 19. Rd4
{[%clk 1:10:57]} Rb6 {[%clk 0:42:02]} 20. Ra4 {[%clk 1:09:02]} a6
{[%clk 0:30:20]} 21. Ra5 {[%clk 1:09:23]} Bc8 {[%clk 0:30:29]} 22. Rd1
{[%clk 1:07:00]} Nd7 {[%clk 0:28:25]} 23. Nd3 {[%clk 1:05:12]} Kg7
{[%clk 0:24:16]} 24. a3 {[%clk 1:01:31]} f6 {[%clk 0:14:08]} 25. f4
{[%clk 0:58:46]} c5 {[%clk 0:12:02]} 26. b4 {[%clk 0:45:55]} cxb4
{[%clk 0:11:49]} 27. Nd5 {[%clk 0:44:59]} Rc6 {[%clk 0:11:02]} 28. N3xb4
{[%clk 0:43:38]} Rc4 {[%clk 0:10:23]} 29. Nxa6 {[%clk 0:42:20]} Rexe4
{[%clk 0:05:21]} 30. Naxc7 {[%clk 0:41:42]} Nc5 {[%clk 0:04:08]} 31. Ra7
{[%clk 0:39:26]} Kh6 {[%clk 0:00:39]} 32. Nb5 {[%clk 0:37:41]} Re2
{[%clk 0:00:45]} 33. Nbc3 {[%clk 0:37:49]} Bf5 34. Rd2 {[%clk 0:37:44]} Re6
{[%clk 0:00:37]} 35. Kb2 {[%clk 0:37:30]} g5 {[%clk 0:00:32]} 36. Nxf6
{[%clk 0:34:40]} gxf4 {[%clk 0:00:52]} 37. Ng8+ {[%clk 0:34:00]} Kg6
{[%clk 0:01:22]} 38. Ne7+ {[%clk 0:30:51]} Kf6 {[%clk 0:01:51]} 39. Ncd5+
{[%clk 0:25:03]} Ke5 {[%clk 0:02:20]} 40. Nb6 {[%clk 0:54:51]} Re4
{[%clk 0:30:39]} 41. Rd5+ {[%clk 0:55:15]} 1-0